000 00326 a2200145 4500
001 177485
020 _a
040 _cMagnum
100 _aPinto,frances Rodrigues
240 1 0 _aA rebeliao dos macacos
_lpor
245 1 0 _aA rebeliao dos macacos
362 0 _a1899
697 _aMAGNITO: I/AVENTURA, CRIANCAS
942 _cBK
999 _c177485
_d177485